| 000 | 00619nam a22002177a 4500 | ||
|---|---|---|---|
| 003 | UA-OsUOA | ||
| 001 | 43047 | ||
| 007 | ta | ||
| 008 | 20090507b un ||||| |||| 00| 0 ukr d | ||
| 090 |
_a061/94(477).152(США) _bА57 |
||
| 942 | _cBK | ||
| 040 |
_aUA-OsUOA _bukr _cUA-OsUOA _dUA-OsUOA |
||
| 245 | _aАльманах Карпатського Лещетарського Клюбу. Львів-Munchen-New York 1924-1984 | ||
| 300 | _a240 с. | ||
| 955 | _a4 | ||
| 041 | _aukr | ||
| 080 | _a061/94(477).152(США) | ||
| 260 |
_aН.-Й. _c1989 |
||
| 650 | 7 |
_a0 Загальний відділ. _2UDC |
|
| 999 |
_c441521 _d441521 |
||